000 04462cam a22004934i 4500
003 PE-LiUPU
005 20250731173420.0
008 150706s2007 mou r 000 0 spa d
020 _a9780758614605
035 _a(Sirsi) i9780758614605
040 _aPE-LiUPU
_bspa
_cPE-LiUPU
_erda
049 _aPRUA
082 0 4 _a252.6
_bL98
_221
100 1 _aLutero, Martín,
_d1483-1546,
_eautor.
_91490
245 1 0 _aMartín Lutero Sermones /
_cMartín Lutero.
264 1 _a[Missouri] :
_bEditorial Concordia,
_c2007.
300 _a479 páginas ;
_c23 centímetros
336 _atext
_2rdacontent
337 _aunmediated
_2rdamedia
338 _avolume
_2rdacarrier
505 0 _aDr. Martín Lutero, predicador de Wittenberg -- Qué caracteriza al buen predicador y la buena prédica. Sermón de Lutero sobre Mateo 5:1, 2 -- El mensaje de Cristo. Navidad -- El Rey enviado por Dios -- Un niño nos es nacido -- El reino de la paz -- El dador del gran gozo -- Viernes Santo -- Jesús, el vencedor de nuestras tribulaciones. Historia de la pasión según los 4 evangelios -- Pascua y ascensión -- Cristo nos quita nuestros pecados y nos da su justicia -- El primogénito entre muchos hermanos -- Cristo es el que nos da la orden de predicar el evangelio -- Pentecostés -- Jesús, el Mediador de la justicia verdadera, 3. Artículo del credo apostólico -- Cristo nos enseña qué es el verdadero discipulado -- El Espíritu Santo nos habla de Cristo, el don de Dios para el hombre -- Trinidad -- Nos es necesario nacer de nuevo -- La fe en el Dios Trino, el credo apostólico -- Días especiales de la iglesia -- La posición del cristiano frente a la ley de Moisés (día de S. Bartolomé) -- La obra propia de Dios, y su obra extraña (día de Sto. Tomás) -- Lo que nos motiva a temer a Dios y amar la justicia (día de S. Juan) -- La base de la comunión eclesiástica (día de S. Pedro y S. Pablo) -- El camino de la iglesia de Cristo -- La justificación por la fe -- Lo que el 1er mandamiento exige y lo que promete (a) -- Lo que el 1er mandamiento exige y lo que promete (b) -- La lucha permanente del cristiano contra sí mismo -- La santificación de la vida mediante el poder que otorga la fe -- La iglesia hermanada en Cristo -- La unidad de la iglesia en Cristo -- Las sagradas escrituras - el sostén de la iglesia -- Es consolador para el cristiano que sufre, saber que otros sufren con él -- La lucha que la iglesia tiene que librar por orden de Dios -- La iglesia es tentada por Satanás -- La lucha y la victoria de la fe cristiana -- El cristiano se aferra a la palabra de Dios -- La oración de los cristianos en el nombre de Jesús -- La vida cotidiana del cristiano en su vocación -- La fe demuestra su vitalidad mediante obras de amor -- La fe hace que nuestra obediencia a Dios sea libre de ansiedades -- Reconozcamos y agradezcamos con gozo la providencia divina -- El uso responsable de los bienes materiales -- La agradecida estimación del estado matrimonial -- El cristiano sirve espontáneamente a sus autoridades -- La confusión de los reinos: Ley de Dios - ley de los hombres -- La esperanza de la iglesia -- El juicio de Dios sobre el mundo -- Dios manifiesta a los cristianos su divina gloria -- La promesa de Dios para la creación que gime -- La vida de Cristo en la tierra -- Cristo instituye el bautismo -- Cristo nos trae perdón y nos enseña una nueva obediencia -- Cristo, ejemplo de humildad y sacrificio -- Cristo nos salva de la muerte y del juicio.
526 _aSEG42
526 _aSEG41
526 _aSEG40
526 _aSEG39
526 _aP94
526 _aP87
526 _aP86
526 _aP85
526 _aP77
526 _aP76
526 _aP35
541 _g001-0000583;
600 1 _aLutero, Martín.
_d1483-1546
_vSermones
650 0 4 _aSermones bíblicos.
700 1 _aSexauer, Erich,
_eeditor.
710 2 _aComisión editora de las obras de Martín Lutero
910 _agl
_cjck
_d20120610
942 _2ddc
_cBOOK
949 _a252.6 L98
_wDEWEY
_c1
_i64924
_lCCODEBUL1
_mBUL
_p22.00
_r0
_sY
_tBOOK
_u2015-7-6
_xTEOLOGIA
_PP35
_o.STAFF. Colección General
994 _aC0
_bPEPRU
596 _a1
999 _a252.6 L98
_wDEWEY
_c53632
_i64924
_d53632
_e2017-8-31
_f2021-11-10
_g5
_lCCODEBUL1
_mBUL
_n5
_p22.00
_q1
_r0
_sY
_tBOOK
_u2015-7-6
_xTEOLOGIA
_PP35
_0COMPRA
_o.STAFF. Colección Teología
980 _81
_gALBERTO SANCHEZ Responsable de Automatización